000 006590000a22002410004500
003 LK-CoMWRAF
008 230817t ||||| |||| 00| 0 eng d
020 _a0929587634
040 _aLK-CoMWRAF
_dLK-CoMWRAF
_eLK-CoMWRAF
041 _aeng
082 _a150
_bAKH
100 _aAkhtar, Shabbir
245 _aA Faith for all Seasons
_bIslam and the Challenge of the Modern World
260 _bIvan R.Dee Pub:
_aChicago
_c1990
300 _ap.251
650 _aFateful Vision
650 _aModernity and Beyong
650 _a'Poetry from Heaven'
650 _aRoad to Mecca
650 _aSilence of Allah
650 _aVirtues of Heresy
942 _cBK
999 _c1623
_d1623